000 00291nam a22001337a 4500
008 190206b xxu||||| |||| 00| 0 eng d
020 _a9780534395018
041 _aeng
080 _25th
_a611
100 _a7
101 _aANA
245 _aHuman Physiology
_cSherwood,L
942 _2udc
_cBK
999 _c54103
_d54103